Responses for Show #6674 - Thursday, September 26, 2013

Contestants

[<< previous game]

Heidi McEchron, a painter and parodist from Iowa City, Iowa

Fran Altomare, a tutor and adjunct professor originally from Quakertown, Pennsylvania

Neal Pollack, a writer from Austin, Texas (whose 2-day cash winnings total $45,999)

[next game >>]

Jeopardy! Round responses

WELL-PLAYED, WELL-PAID
A STORIED FORECAST
ONE LOVE
ONE "HEART"
LET'S GET TOGETHER
& FEEL ALL RIGHT
    $200 1
(New York) Knicks

Fran
    $200 26
Hot

Heidi
    $200 11
North Carolina

Fran
    $200 6
heartstrings

Fran
    $200 23
Herzegovina

Fran
    $200 18
(green) tea

Fran
    $400 2
bowling

Fran
    $400 27
Winds

Heidi
    $400 12
Churchill

Heidi
    $400 7
a bleeding heart

Neal
    $400 17
São Tomé

Triple Stumper
    $400 19
caffeine

Fran
    $600 3
(Fran: What are marlins?)

bass

NealFran
    $600 28
Warm

Heidi
    $600 13
Paul Newman

Neal
    $600 8
"The Heart of Dixie"

Fran
    $1,000 16
(Heidi: What is the Baltic Commonwealth?)

Commonwealth of Independent States

Heidi
    $600 20
olive oil

Fran
    $800 4
Rafael Nadal

Neal
    $800 29
Snow

Fran
    $800 14
Edward VIII

Fran
    $800 9
Cross Your Heart

Heidi
    $800 24
Micronesia

Fran
    $800 21
body mass index

Fran
    $1000 5
(Manny) Pacquiao

Fran
    $1000 30
Cold

Neal
    $1000 15
Rita Marley

Heidi
    $1000 10
a faint heart

Triple Stumper
    $1000 25
the Papal States

Fran
    $1000 22
wort

Fran

Scores at the first commercial break (after clue 15):

Neal Fran Heidi
$2,400 $2,800 $2,200

Scores at the end of the Jeopardy! Round:

Neal Fran Heidi
$3,400 $8,600 $2,400

Double Jeopardy! Round responses

THE ART OF GEORGIA O'KEEFFE
MILITARY ACADEMIES & COLLEGES
OSCAR-WINNING SCREENPLAYS
ON THE MARQUIS
ARKANSAS
YOU SPEAK FOREIGN?
    $400 16
cropping

Fran
    $400 21
West Point

Neal
    $400 1
The Social Network

Heidi
    $400 26
a balloon

Heidi
    $400 11
Hillary Clinton

Heidi
    $400 6
terra firma

Fran
    $800 17
a ladder

Neal
    $800 22
the Naval Academy (at Annapolis)

Neal
    $800 2
Slumdog Millionaire

Triple Stumper
    $800 27
the Enlightenment

Neal
    $800 12
the mockingbird

Fran
    $800 7
mano a mano

Fran
    $1200 18
the pelvis

Neal
    $1200 23
VMI

Neal
    $1200 3
All About Eve

Neal
    $1,200 28
(the Marquis de) Lafayette

Neal
    $1200 13
(Glen) Campbell

Fran
    $1200 8
a double entendre

Heidi
    $1600 19
Venus

Fran
    $1600 24
Sandhurst

Triple Stumper
    $1600 4
All the President's Men

Fran
    $1600 29
Marquis de Sade

Heidi
    $1600 14
(Fran: What is Mammoth Springs National Park?)

Hot Springs

NealFran
    $1600 9
al fresco

Neal
    $3,000 20
(Fran: What is Albuquerque?)

Taos

Fran
    $2000 25
Texas A&M

Triple Stumper
    $2000 5
(Fran: What is Lonesome Dove?)

Terms of Endearment

NealFran
    $2000 30
(Fran: What is Bohemianism?)

the Commune

Fran
Triple Stumper
    $2000 15
a diamond

Heidi
    $2000 10
Schadenfreude

Fran

Scores at the end of the Double Jeopardy! Round:

Neal Fran Heidi
$16,200 $8,800 $8,400

[wagering suggestions for these scores]

Final Jeopardy! Round responses

THE INTERNET
HeidiWhat is su
$8,000
FranWhat is Raccoon
$8,200
NealWhat is excel?
$1,401
Firefox

Final scores:

Neal Fran Heidi
$14,799 $600 $400
3-day champion: $60,798 2nd place: $2,000 3rd place: $1,000

Game dynamics:

Coryat scores:

Neal Fran Heidi
$16,200 $11,800 $9,400
16 R
(including 1 DD),
0 W
24 R,
5 W
(including 1 DD)
12 R,
1 W
(including 1 DD)

Combined Coryat: $37,400

[game clues] [game scores] [suggest correction]

Game tape date: 2013-08-21
The J! Archive is created by fans, for fans. Scraping, republication, monetization, and malicious use prohibited; this site may use cookies and collect identifying information. See terms. The Jeopardy! game show and all elements thereof, including but not limited to copyright and trademark thereto, are the property of Jeopardy Productions, Inc. and are protected under law. This website is not affiliated with, sponsored by, or operated by Jeopardy Productions, Inc. Join the discussion at JBoard.tv.